A gyarmati Latin-Amerika történeti kutatásának néhány kérdése

Se publica la conferencia dada al inaugurarse el Instituto de Historia de América Latina él 24 de noviembre de 1967 sobre las cuestiones más importantes de la investigación y la literatura del período colonial y las luchas de emancipación. Después de llamar la atención a los contactos históricos ent...

Teljes leírás

Elmentve itt :
Bibliográfiai részletek
Szerző: Wittman Tibor
Dokumentumtípus: Cikk
Megjelent: University of Szeged, Magyar Medievisztikai Kutatócsoport Szeged 1968
Sorozat:Acta Universitatis Szegediensis : acta historica 28
Kulcsszavak:Latin-Amerika története
Tárgyszavak:
Online Access:http://acta.bibl.u-szeged.hu/2604
LEADER 01575nab a2200229 i 4500
001 acta2604
005 20260206143914.0
008 161015s1968 hu o 000 hun d
022 |a 0324-6965 
040 |a SZTE Egyetemi Kiadványok Repozitórium  |b hun 
041 |a hun 
041 |a spa 
100 1 |a Wittman Tibor 
245 1 2 |a A gyarmati Latin-Amerika történeti kutatásának néhány kérdése  |h [elektronikus dokumentum] /  |c  Wittman Tibor 
260 |a University of Szeged, Magyar Medievisztikai Kutatócsoport  |b Szeged  |c 1968 
300 |a 15-28 
490 0 |a Acta Universitatis Szegediensis : acta historica  |v 28 
520 3 |a Se publica la conferencia dada al inaugurarse el Instituto de Historia de América Latina él 24 de noviembre de 1967 sobre las cuestiones más importantes de la investigación y la literatura del período colonial y las luchas de emancipación. Después de llamar la atención a los contactos históricos entre Hungría y América Latina el autor hace conocer la discusión en torno a la unidad histórica de América (boltonismo etc.) y esboza las distintas tendencias historiográficas que se hacen valer para dar una interpretación homogénea al coloniaje y a la guerra de independencia. Al mismo tiempo expone algunas tareas de historiadores para hacer desaparecer las lagunas no despreciando las dificultades, que se dan. 
650 4 |a Bölcsészettudományok 
650 4 |a Történettudomány és régészet 
695 |a Latin-Amerika története 
856 4 0 |u http://acta.bibl.u-szeged.hu/2604/1/historica_028_015-028.pdf  |z Dokumentum-elérés